LEADER 03485nam 22005413u 450 001 9910464889703321 005 20210825211217.0 035 $a(CKB)3710000000074152 035 $a(EBL)1572174 035 $a(SSID)ssj0001064754 035 $a(PQKBManifestationID)12382826 035 $a(PQKBTitleCode)TC0001064754 035 $a(PQKBWorkID)11052824 035 $a(PQKB)11429591 035 $a(MiAaPQ)EBC1572174 035 $a(EXLCZ)993710000000074152 100 $a20140127d2014|||| u|| | 101 0 $aeng 181 $ctxt 182 $cc 183 $acr 200 10$aDebating Civil-Military Relations in Latin America$b[electronic resource] 210 $aChicago $cSussex Academic Press$d2014 215 $a1 online resource (255 p.) 225 0 $aSussex library of study. The Latin America series Debating civil-military relations in Latin America 300 $aDescription based upon print version of record. 311 $a1-84519-591-4 327 $aFront Cover; About this book; About the Series; Title Page; Copyright; Contents; Prologue: Narci?s Serra; Series Editor's Preface: Carlos Waisman; Acknowledgments; Introduction: Rafael Marti?nez and David R. Mares; Part I: Civil-Military Relations in the Transition to Democracy; Chapter 1: Objectives for Democratic Consolidation in the Armed Forces - Rafael Marti?nez; Part II: Evaluating How Far We Have Come; Chapter 2: Latin American Civil-Military Relations: What Progress Has Been Made? - David Pion-Berlin 327 $aChapter 3: Citizen Security, Democracy and the Civil-Military Relationship - David R. Mares Chapter 4: Latin America and the Military Question Reexamined - Rut Diamint; Part III: New Missions: Threats or Contributors to Consolidation of Democratic Civilian Control?; Chapter 5: The Profile of the Colombian Armed Forces: A Result of the Struggle against Guerrillas, Drug-Trafficking and Terrorism - Alejo Vargas Vela?squez; Chapter 6: The Making of Socialist Soldiers: Radical Populism and Civil-Military Relations in Venezuela, Ecuador and Bolivia - Deborah L. Norden 327 $aChapter 7: Latin America's Increased Role in UN Peace Operations: Current Trends and a Note of Caution - Arturo C. Sotomayor Conclusion:; Appraisal and Challenges - David R. Mares; The Editors and Contributors; Index 330 $aThis study of civil-military relations in Latin America begins by noting that, since 2000, military dictatorships in the region have virtually disappeared, with the political role of the military in many countries dramatically diminished. The book then examines the new types of regimes, including the rise of participatory democracy, the new political orientations, such as the renaissance of the Left in Latin America, and the new missions for the military that have begun to appear. It illustrates how the 2009 military coup in Honduras, the military 606 $aCivil-military relations$zLatin America 606 $aDemocracy$zLatin America 606 $aDemocratization$zLatin America 608 $aElectronic books. 615 0$aCivil-military relations 615 0$aDemocracy 615 0$aDemocratization 676 $a322/.5098 700 $aMares$b David R$0596021 701 $aMarti?nez$b Rafael$0153286 801 0$bAU-PeEL 801 1$bAU-PeEL 801 2$bAU-PeEL 906 $aBOOK 912 $a9910464889703321 996 $aDebating Civil-Military Relations in Latin America$92444286 997 $aUNINA LEADER 04602nam 22006374a 450 001 9910778441303321 005 20230617041859.0 010 $a0-674-04155-0 024 7 $a10.4159/9780674041554 035 $a(CKB)1000000000805471 035 $a(SSID)ssj0000264080 035 $a(PQKBManifestationID)11216969 035 $a(PQKBTitleCode)TC0000264080 035 $a(PQKBWorkID)10291633 035 $a(PQKB)11454242 035 $a(MiAaPQ)EBC3300605 035 $a(Au-PeEL)EBL3300605 035 $a(CaPaEBR)ebr10326151 035 $a(OCoLC)923112335 035 $a(DE-B1597)574487 035 $a(DE-B1597)9780674041554 035 $a(EXLCZ)991000000000805471 100 $a20030521d2003 uy 0 101 0 $aeng 135 $aurcn||||||||| 181 $ctxt 182 $cc 183 $acr 200 10$aUnder the wire$b[electronic resource] $ehow the telegraph changed diplomacy /$fDavid Paull Nickles 210 $aCambridge, Mass. $cHarvard University Press$d2003 215 $a265 p. $cill 225 1 $aHarvard historical studies ;$v144 300 $aBibliographic Level Mode of Issuance: Monograph 311 $a0-674-01035-3 320 $aIncludes bibliographical references (p. [197]-256) and index. 327 $tFrontmatter -- $tContents -- $tIntroduction -- $tI. Control -- $t1 The Anglo-American Crisis of 1812 -- $t2 Diplomatic Autonomy and Telecommunications -- $tII. Speed -- $t3 The Trent Affair -- $t4 Speed and Diplomacy -- $t5 Diplomatic Time -- $tIII. The Medium -- $t6 The Zimmermann Telegram -- $t7 Technical and Economic Factors -- $tConclusion -- $tNotes -- $tAcknowledgments -- $tIndex 330 $aHow did the telegraph, a new and revolutionary form of communication, affect diplomats, who tended to resist change? In a study based on impressive multinational research, David Paull Nickles examines the critical impact of the telegraph on the diplomacy of the nineteenth and early twentieth centuries. Case studies in crisis diplomacy--the War of 1812, the Trent affair during the U.S. Civil War, and the famous 1917 Zimmermann telegram--introduce wide-ranging thematic discussions on the autonomy of diplomats; the effects of increased speed on decision making and public opinion; the neglected role of clerks in diplomacy; and the issues of expense, garbled text, espionage, and technophobia that initially made foreign ministries wary of telegraphy. Ultimately, the introduction of the telegraph contributed to the centralization of foreign ministries and the rising importance of signals intelligence. The faster pace of diplomatic disputes invited more emotional decisions by statesmen, while public opinion often exercised a belligerent influence on crises developing over a shorter time period. Under the Wire offers a fascinating new perspective on the culture of diplomacy and the social history of technology. Table of Contents: Introduction I. Control 1. The Anglo-American Crisis of 1812 2. Diplomatic Autonomy and Telecommunications II. Speed 3. The Trent Affair 4. Speed and Diplomacy 5. Diplomatic Time III. The Medium 6. The Zimmermann Telegram 7. Technical and Economic Factors Conclusion Abbreviations Notes Acknowledgments Index Reviews of this book: David Paull Nickles has plumbed the archives of four countries to determine just how transformative [the invention of the telegraph] really was. Under the Wire is a subtle and impressive examination of history.--Christian D. Brose, Wall Street JournalIn this study of the impact of telegraphy on the management of international relations, the reader is rewarded time and again by finding original observations regarding familiar events. This is a book that can have a shaping effect not only on the field of international relations but on many others, since it compels one to think hard about how changes in technology affect behavior and thought among groups with deeply rooted traditions and beliefs.--Ernest R. May, Harvard University 410 0$aHarvard historical studies ;$vv. 144. 606 $aTelegraph$xHistory 606 $aDiplomacy$xHistory 606 $aDiplomats$xHistory 606 $aNegotiation$xHistory 615 0$aTelegraph$xHistory. 615 0$aDiplomacy$xHistory. 615 0$aDiplomats$xHistory. 615 0$aNegotiation$xHistory. 676 $a327.2/09/034 686 $aNW 3570$2rvk 700 $aNickles$b David Paull$f1966-$01511684 801 0$bMiAaPQ 801 1$bMiAaPQ 801 2$bMiAaPQ 906 $aBOOK 912 $a9910778441303321 996 $aUnder the wire$93745150 997 $aUNINA LEADER 04059nam 2200565 450 001 9910830532903321 005 20240219170753.0 010 $a1-119-17208-X 010 $a1-119-17207-1 010 $a1-119-17209-8 024 7 $a10.1002/9781119172093 035 $a(CKB)4330000000009082 035 $a(MiAaPQ)EBC5439386 035 $a(CaBNVSL)mat08571119 035 $a(IDAMS)0b0000648891a7fb 035 $a(IEEE)8571119 035 $a(PPN)249790696 035 $a(EXLCZ)994330000000009082 100 $a20181218d2018 uy 101 0 $aeng 135 $aurcnu|||||||| 181 $ctxt$2rdacontent 182 $cc$2rdamedia 183 $acr$2rdacarrier 200 10$aAdvanced control of doubly fed induction generator for wind power systems /$fDehong Xu, Frede Blaabjerg, Wenjie Chen, Nan Zhu 210 1$aHoboken, New Jersey :$cJohn Wiley & Sons,$d[2018] 210 2$a[Piscataqay, New Jersey] :$cIEEE Xplore,$d[2018] 215 $a1 online resource (489 pages) 311 $a1-119-17206-3 320 $aIncludes bibliographical references and index. 327 $aFront Matter -- Introduction to Wind Power Generation. Introduction -- Basics of Wind Power Generation System -- Grid Codes for Wind Power Generation Systems -- Modeling and Control of DFIG. Modeling of DFIG Wind Power Systems -- Control of DFIG Power Converters -- Operation of DFIG Under Distorted Grid Voltage. Analysis of DFIG Under Distorted Grid Voltage -- Multiple-Loop Control Of DFIG Under Distorted Grid Voltage -- Resonant Control of DFIG Under Grid Voltage Harmonics Distortion -- DFIG Under Unbalanced Grid Voltage -- Control of DFIG Wind Power System Under Unbalanced Grid Voltage -- Grid Fault Ride-Through of DFIG. Dynamic Model of DFIG Under Grid Faults -- Grid Fault Ride-Through Of DFIG -- Thermal Control of Power Converter in Normal and Abnormal Operations -- DFIG Test Bench. DFIG Test Bench. 330 $aCovers the fundamental concepts and advanced modeling techniques of doubly fed induction generators accompanied by analyses and simulation results Filled with illustrations, problems, models, analyses, case studies, selected simulation and experimental results, Advanced Control of Doubly Fed Induction Generator for Wind Power Systems provides the basic concepts for modeling and controlling of doubly fed induction generator "DFIG" wind power systems and their power converters. Other topics of this book include thermal analysis of DFIG wind power converters under grid faults; implications of the DFIG test bench; advanced control of DFIG under harmonic distorted grid voltage, including multiple-loop and resonant control; modeling of DFIG and GSC under unbalanced grid voltage; the LVRT of DFIG, including the recurring faults ride through of DFIG; and more. In addition, this resource: . Explores the challenges and concerns of doubly fed induction generators "DFIG" under non-ideal grid. Discusses basic concepts of DFIG wind power system and vector control schemes of DFIG. Introduces control strategies under a non-ideal grid. Includes case studies and simulation and experimental results Advanced Control of Doubly Fed Induction Generator for Wind Power Systems is an ideal book for graduate students studying renewable energy and power electronics as well as for research and development engineers working with wind power converters. 606 $aInduction generators 606 $aInduction generators$xAutomatic control 606 $aWind turbines$xEquipment and supplies 615 0$aInduction generators. 615 0$aInduction generators$xAutomatic control. 615 0$aWind turbines$xEquipment and supplies. 676 $a621.313 700 $aXu$b Dehong$01666547 702 $aBlaabjerg$b Frede 702 $aChen$b Wenjie 702 $aZhu$b Nan 801 0$bCaBNVSL 801 1$bCaBNVSL 801 2$bCaBNVSL 906 $aBOOK 912 $a9910830532903321 996 $aAdvanced control of doubly fed induction generator for wind power systems$94025862 997 $aUNINA